| 000 | 00463nam a22001817a 4500 | ||
|---|---|---|---|
| 003 | CEME | ||
| 005 | 20210628203408.0 | ||
| 008 | 210305b xxu||||| |||| 00| 0 eng d | ||
| 020 | _a0-14-062200-4 | ||
| 040 | _c. | ||
| 082 | _a808.83 BUR | ||
| 100 |
_aBurnes, Robert _965178 |
||
| 245 | _aSelected poems | ||
| 260 |
_aNEW YORK _bPENGUIN BOOKS _c1996 |
||
| 300 | _a283 | ||
| 650 |
_aENGLISH LITERATURE-POEMS.PENGUINE POPULAR CLASSIC _965179 |
||
| 942 |
_cBK _2ddc |
||
| 999 |
_c573472 _d573472 |
||